[Event "Prague ProMoPro op"]
[Site "Prague"]
[Date "2005.09.21"]
[Round "7"]
[White "Trnka, Jaroslav"]
[Black "Bohac, Jaroslav"]
[Result "1-0"]
[WhiteElo "1939"]
[BlackElo "2007"]
[PlyCount "143"]
[EventDate "2005.09.15"]
[EventType "swiss"]
[EventRounds "9"]
[EventCountry "CZE"]
[SourceTitle "CBM 108 Extra"]
[Source "ChessBase"]
[SourceDate "2005.11.04"]
[SourceVersion "1"]
[SourceVersionDate "2005.11.04"]
[SourceQuality "1"]

1. d4 f5 2. g3 e6 3. Bg2 Nf6 4. Nf3 c6 5. 0-0 Be7 6. c4 d5 7. b3 0-0 8. Nc3 Ne4 9. Qc2 Nd7 10. e3 Nxc3 11. Qxc3 Nf6 12. Bb2 Bd7 13. Ne5 Ne4 14. Qd3 Be8 15. Rad1 Bh5 16. f3 Nf6 17. Rde1 Nd7 18. Qc2 Nxe5 19. dxe5 Bg6 20. Qe2 Qa5 21. a3 Qa6 22. cxd5 Qxe2 23. Rxe2 exd5 24. f4 Bc5 25. Rc1 Bh5 26. Ree1 Bb6 27. Bd4 Bd8 28. Bc5 Re8 29. Kf2 Be7 30. Bxe7 Rxe7 31. Bf3 Bxf3 32. Kxf3 Kf7 33. g4 g6 34. gxf5 gxf5 35. Rg1 Rg8 36. Rxg8 Kxg8 37. Rg1+ Kf7 38. Rg5 Ke6 39. Rh5 Rf7 40. Rg5 c5 41. Ke2 c4 42. Kd2 cxb3 43. Kc3 Rc7+ 44. Kxb3 Rc1 45. Rh5 Re1 46. Rh6+ Kf7 47. Rxh7+ Kg6 48. Rh3 Rd1 49. Kc2 Ra1 50. Kb2 Rd1 51. Rg3+ Kf7 52. Kc2 Ra1 53. Kb2 Rd1 54. Rg5 Rd2+ 55. Kc3 Rxh2 56. Rxf5+ Ke7 57. Rg5 Ra2 58. f5 Rxa3+ 59. Kd4 b5 60. Kxd5 Rxe3 61. Rg7+ Kf8 62. Rxa7 b4 63. Rb7 b3 64. Ke6 Rc3 65. Kf6 Kg8 66. Rb8+ Kh7 67. e6 b2 68. Rxb2 Rc8 69. Rb7+ Kh8 70. e7 Kg8 71. Ke6 Ra8 72. Rd7 1-0

[Event "Prague ProMoPro op"]
[Site "Prague"]
[Date "2004.09.17"]
[Round "7"]
[White "Trnka, Jaroslav"]
[Black "Mejzlik, Vojtech"]
[Result "0-1"]
[WhiteElo "1880"]
[BlackElo "2097"]
[PlyCount "104"]
[EventDate "2004.09.11"]
[EventType "swiss"]
[EventRounds "9"]
[EventCountry "CZE"]
[SourceTitle "CBM 102 Extra"]
[Source "ChessBase"]
[SourceDate "2004.11.03"]
[SourceVersion "1"]
[SourceVersionDate "2004.11.03"]
[SourceQuality "1"]

1. d4 f5 2. g3 Nf6 3. Bg2 g6 4. Nf3 Bg7 5. 0-0 0-0 6. c4 d6 7. Nc3 c6 8. Qc2 Qc7 9. e4 fxe4 10. Nxe4 Bf5 11. Nxf6+ exf6 12. Qb3 Be4 13. Bf4 Qd7 14. Rad1 g5 15. Be3 d5 16. c5 h6 17. Nd2 Bxg2 18. Kxg2 f5 19. Nf3 Na6 20. Bc1 Rae8 21. Qc3 Re4 22. Ne5 Bxe5 23. dxe5 Qe7 24. f4 gxf4 25. gxf4 Re2+ 26. Kh1 Qh4 27. Rg1+ Kh7 28. Qg3 Qxg3 29. hxg3 Nxc5 30. Rg2 Ne4 31. Kg1 Rxg2+ 32. Kxg2 h5 33. Be3 Rg8 34. Bf2 h4 35. Rh1 Nxg3 36. Rxh4+ Nh5+ 37. Kf3 Kg6 38. Rh1 Ng7 39. Rg1+ Kf7 40. Rg5 a6 41. Bd4 Re8 42. b4 Re6 43. a4 Rg6 44. Rxg6 Kxg6 45. a5 Ne6 46. Bf2 Kf7 47. Bg3 Nd4+ 48. Kg2 Nc2 49. Kf3 Nxb4 50. Ke3 c5 51. Kd2 Nc6 52. Bf2 Nxa5 0-1

[Event "Prague ProMoPro op"]
[Site "Prague"]
[Date "2002.09.07"]
[Round "1.16"]
[White "Trnka, Jaroslav"]
[Black "Cvicela, Anton"]
[Result "1/2-1/2"]
[WhiteElo "2140"]
[BlackElo "1784"]
[PlyCount "28"]
[EventDate "2002.09.07"]
[EventType "swiss"]
[EventRounds "9"]
[EventCountry "CZE"]
[SourceTitle "EXT 2003"]
[Source "ChessBase"]
[SourceDate "2002.11.25"]
[SourceVersion "1"]
[SourceVersionDate "2002.11.25"]
[SourceQuality "1"]

1. d4 d5 2. c4 c6 3. Nf3 Nf6 4. e3 e6 5. Nc3 Nbd7 6. Bd3 dxc4 7. Bxc4 b5 8. Bd3 b4 9. Ne2 c5 10. Qa4 Bb7 11. Bd2 a5 12. Rc1 Rc8 13. dxc5 Bxc5 14. Ng3 0-0 1/2-1/2